Normal view
MARC view
- Sandes, E. W. C
Entry Personal Name
001 - CONTROL NUMBER
- control field: 49135
003 - CONTROL NUMBER IDENTIFIER
- control field: NUST
005 - DATE AND TIME OF LATEST TRANSACTION
- control field: 20210314134248.0
008 - FIXED-LENGTH DATA ELEMENTS
- fixed length control field: 210314|| aca||aabn | a|a d
040 ## - CATALOGING SOURCE
- Original cataloging agency: NUST
- Transcribing agency: NUST
100 ## - HEADING--PERSONAL NAME
- Personal name: Sandes, E. W. C
670 ## - SOURCE DATA FOUND
- Source citation: Work cat.: (NUST): Sandes, E. W. C., The Indian sappers and miners /, 1948.
